000 004290000a22001690004500
003 MACL
005 20151219140444.0
008 151219b xxu||||| |||| 00| 0 eng d
040 _aMACL
_cMACL
041 _aEnglish
082 _a370/BAL
100 _aBallard, P B
_921402
245 _aThe Practical Infant Teacher
_bVol 2
260 _bThe New Era Publishing Co Ltd
650 _aEducation
_921403
942 _cBK
_k370/BAL
_2ddc
999 _c39832
_d39832